| 000 | 00815nas a2200277 4500 | ||
|---|---|---|---|
| 001 | BR9904946 | ||
| 003 | BR-BrBNA | ||
| 005 | 20231205101629.0 | ||
| 007 | ta | ||
| 008 | 230509b bl.|||p| |||| 00| 00por d | ||
| 040 |
_aBR-BrBNA _bpor _cBiblioteca Nacional de Agricultura |
||
| 041 | _a(En) | ||
| 072 | _aN10 | ||
| 100 | 1 | _aToledo Filho, R.D. | |
| 100 | 1 | _aJoseph, K. | |
| 100 | 1 | _aGhavami, K. | |
| 100 | 1 | _aEngland, G.L. | |
| 245 | 1 | _aThe use of sisal fibre as reinforcement in cement based composites | |
| 650 | _aConcreto | ||
| 650 | _aFibra | ||
| 650 | _aSisal | ||
| 650 | _aCimento | ||
| 773 | 0 |
_tRevista Brasileira de Engenharia Agricola e Ambiental (Brazil) _xISSN 1415-4366 _g(May-Aug 1999), v. 3(2) p. 245-256 _wBR9904946 |
|
| 909 |
_a202311 _bLúcia _c55 _dLúcia Elande |
||
| 942 |
_2AGRIS _n0 _cANA |
||
| 999 |
_c162924 _d162924 |
||